Eastern Utah Libraries Catalog: Duchesne, Heber, Roosevelt, & Vernal

Volcanoes : (Record no. 365645)

MARC details
000 -LEADER
fixed length control field 01774cam a2200457Ii 4500
001 - CONTROL NUMBER
control field ocn928492032
003 - CONTROL NUMBER IDENTIFIER
control field OCoLC
005 - DATE AND TIME OF LATEST TRANSACTION
control field 20210928143814.0
008 - FIXED-LENGTH DATA ELEMENTS--GENERAL INFORMATION
fixed length control field 151105s2016 nyua j 6b 000 0 eng d
020 ## - INTERNATIONAL STANDARD BOOK NUMBER
International Standard Book Number 9781626723610
020 ## - INTERNATIONAL STANDARD BOOK NUMBER
International Standard Book Number 1626723605
Qualifying information (paperback)
035 ## - SYSTEM CONTROL NUMBER
System control number (OCoLC)928492032
Canceled/invalid control number (OCoLC)928579373
040 ## - CATALOGING SOURCE
Original cataloging agency YDXCP
Language of cataloging eng
Description conventions rda
Transcribing agency YDXCP
Modifying agency BTCTA
-- OCLCQ
-- VTL
-- OCLCO
-- NYP
-- UOK
049 ## - LOCAL HOLDINGS (OCLC)
Holding library UOKA
050 14 - LIBRARY OF CONGRESS CALL NUMBER
Classification number QE522
Item number .C42 2016
082 04 - DEWEY DECIMAL CLASSIFICATION NUMBER
Classification number 551.21
Edition number 23
092 ## - LOCALLY ASSIGNED DEWEY CALL NUMBER (OCLC)
Classification number junior graphic novel
Item number 551.21 Chad
100 1# - MAIN ENTRY--PERSONAL NAME
Personal name Chad, Jon
Relator term author,
-- artist.
9 (RLIN) 6428663
245 10 - TITLE STATEMENT
Title Volcanoes :
Remainder of title fire and life /
Statement of responsibility, etc Jon Chad ; with color by Sophie Goldstein.
246 3# - VARYING FORM OF TITLE
Title proper/short title Science comics.
Name of part/section of a work Volcanoes :
Remainder of title fire and life
250 ## - EDITION STATEMENT
Edition statement First edition.
264 #1 - Production, Publication, Distribution, Manufacture, and Copyright Notice.
Place of production, publication, distribution, manufacture New York, NY :
Name of producer, publisher, distributor, manufacturer First Second, an imprint of Roaring Brook Press,
Date of production, publication, distribution, manufacture, or copyr 2016.
300 ## - PHYSICAL DESCRIPTION
Extent 117 pages :
Other physical details color illustrations ;
Dimensions 22 cm.
336 ## - Content Type
Content type term text
336 ## - Content Type
Content type term still image
337 ## - Media type
Media type term unmediated
338 ## - Carrier type
Carrier type term volume
490 1# - SERIES STATEMENT
Series statement Science comics
500 ## - GENERAL NOTE
General note Chiefly illustrations.
504 ## - BIBLIOGRAPHY, ETC. NOTE
Bibliography, etc Includes bibliographical references.
520 ## - SUMMARY, ETC.
Summary, etc Aurora, a young explorer, introduces the science and characteristics of volcanoes, discussing lava, tetonic plates, the creation of new land masses, and magma vents.
650 #0 - SUBJECT ADDED ENTRY--TOPICAL TERM
Topical term or geographic name as entry element Volcanoes
Form subdivision Juvenile literature
9 (RLIN) 5693197
650 #0 - SUBJECT ADDED ENTRY--TOPICAL TERM
Topical term or geographic name as entry element Volcanoes
Form subdivision Comic books, strips, etc.
9 (RLIN) 5698496
650 #1 - SUBJECT ADDED ENTRY--TOPICAL TERM
Topical term or geographic name as entry element Cartoons and comics
655 #7 - INDEX TERM--GENRE/FORM
Genre/form data or focus term Nonfiction comics
Source of term lcgft
9 (RLIN) 5724240
655 #7 - INDEX TERM--GENRE/FORM
Genre/form data or focus term Graphic novels
Source of term lcgft
655 #7 - INDEX TERM--GENRE/FORM
Genre/form data or focus term Educational comics
Source of term lcgft
9 (RLIN) 6363300
700 1# - ADDED ENTRY--PERSONAL NAME
Personal name Goldstein, Sophie
Relator term colorist.
9 (RLIN) 6428664
830 #0 - SERIES ADDED ENTRY--UNIFORM TITLE
Uniform title Science comics (First Second (Firm))
9 (RLIN) 5960510
942 ## - ADDED ENTRY ELEMENTS (KOHA)
Source of classification or shelving scheme Dewey Decimal Classification
Koha item type BOOK
Holdings
Withdrawn status Lost status Source of classification or shelving scheme Damaged status Not for loan Collection code Home library Current library Shelving location Date acquired Source of acquisition Total Checkouts Total Renewals Full call number Barcode Date last seen Date checked out Cost, replacement price Price effective from Koha item type
    Dewey Decimal Classification     Junior NonFiction Graphic Novels Wasatch County Library Wasatch County Library First Floor 09/28/2021 Micromarketing 38 30 J GN 551.21 Chad 34301001807439 01/31/2026 12/03/2025 19.99 09/28/2021 BOOK
This project was made possible through a grant from the Institute of Museum and Library Service administered by the Utah State Library Division.

Wasatch County Library

  • 465 East 1200 South, Heber City, Utah 84032
  • Phone 435-654-1511 | Fax 435-654-6456

Hours

  • Monday - Friday 9:30 AM - 8:00 PM
  • Saturday 9:30 AM - 1:30 PM
  • Closed Sundays and Holidays